| 000 | 01106nam a2200265 a 4500 | ||
|---|---|---|---|
| 003 | CBULib | ||
| 005 | 20240417135612.0 | ||
| 008 | 210907s2021 ||||||||||||||||| || u | ||
| 020 | _a9789211130188 | ||
| 040 |
_aCBULib _bEnglish _cCBULib _erda |
||
| 050 | _aUNCTAD(058)CDR/2021 | ||
| 110 | _aUnited Nations Conference on Trade and Development (UNCTAD) | ||
| 245 | 1 | 0 |
_aCommodities and development report 2021 : escaping from the commodity trap through technology and innovation. _c/ by United Nations Conference on Trade and Development (UNCTAD) |
| 260 |
_aGeneva : _bUnited Nations, _c2021 |
||
| 300 | _axxii,122 pages : illustrations | ||
| 336 |
_aText | _2rdacontent _btxt |
||
| 337 |
_aUnmediated | _2rdamedia _bn |
||
| 338 |
_aVolume _2rdacarrier _bnc |
||
| 650 | _aTECHNOLOGICAL INNOVATIONS--ECONOMIC ASPECTS--DEVELOPING COUNTRIES | ||
| 650 | _aTECHNOLOGICAL INNOVATIONS--DEVELOPING COUNTRIES | ||
| 650 | _aCOMMODITY CONTROL--DEVELOPNG COUNTRIES | ||
| 650 | _aCOMMODITY EXCHANGES--DEVELOPING COUNTRIES | ||
| 942 |
_2mc _c029 |
||
| 999 |
_c37834 _d37834 |
||